00322nam a2200133Ia 4500008004000000041000800040082001200048100002000060245002900080260004200109650001700151650001200168650000800180210210b1899 xxu||||| |||| 00| 0 eng d aeng a821/678 aTHACKERAY (W M) aBallads and miscellanies aLondonbSmith Elder and Companyc1899 amiscellanies aBallads aand